Statistics for Biggest World Cities (A-Z by Last Letter) Beginning with U

Click here to take the quiz!

General Stats

  • This quiz has been taken 63 times
  • The average score is 5 of 26

Answer Stats

CountryStartsPlaceEndsPopulation% Correct
MongoliaUUlaanbaatarR845k
96%
NetherlandsUUtrechtT291k
78%
RussiaUUfaA1.0m
74%
ChinaUUrumqiI3.0m
62%
GermanyUUlmM120k
58%
South KoreaUUlsanN963k
30%
USA (CA)UUnion CityY75k
26%
RussiaUUlyanovskK641k
22%
SerbiaUUbB29k
12%
NigeriaUUyoO437k
10%
UzbekistanUUchquduqQ24k
0%
NigeriaUUgepP200k
0%
RussiaUUglicC34k
0%
IndiaUUllalL59k
0%
TurkeyUUmraniyeE573k
0%
South KoreaUUngsangG83k
0%
MexicoUUnion JuarezZ15k
0%
RussiaUUrajJ40k
0%
JapanUUrayasuU144k
0%
CubaUUrbano NorisS41k
0%
SpainUUrdaxX<1k
0%
SwitzerlandUUrdorfF10k
0%
UzbekistanUUrganchH150k
0%
PolandUUrsynowW148k
0%
RussiaUUst KatavV24k
0%
UkraineUUzhhorodD118k
0%

Score Distribution

Percentile by Number Answered

Percent of People with Each Score

Your Score History

You have not taken this quiz